Estadísticas para Formas de Pais de America del Sur

Haz click aquí para intentar la prueba.

Estadísticas generales

  • Esta prueba ha sido intentada 17 veces
    (16 desde el último reinicio)
  • La puntuación promedio es 12 de 12

Estadísticas de respuestas

Respuesta% Correcto
Argentina
100%
Bolivia
100%
Brasil
100%
Chile
100%
Colombia
100%
Ecuador
100%
Paraguay
100%
Perú
100%
Uruguay
100%
Venezuela
100%
Guyana
94%
Surinam
88%

Distribución de puntuación

Porcentaje por número respondido

Porcentaje de gente con cada puntuación

Historial de tus puntuaciones

No has intentado esta prueba desde el último reinicio